Normal view
MARC view
Entry Personal Name
001 - CONTROL NUMBER
- control field: 13094
003 - CONTROL NUMBER IDENTIFIER
- control field: ARRUPE
005 - DATE AND TIME OF LATEST TRANSACTION
- control field: 20141203175017.0
008 - FIXED-LENGTH DATA ELEMENTS
- fixed length control field: 141203|| aca||aabn | a|a d
040 ## - CATALOGING SOURCE
- Original cataloging agency: ARRUPE
- Transcribing agency: ARRUPE
100 ## - HEADING--PERSONAL NAME
- Personal name: Ikime, Obaro.
670 ## - SOURCE DATA FOUND
- Source citation: Work cat.: (ARRUPE)0: Ikime, Obaro., Nana of the Niger Delta., 1972.